00792nam a2200217 i 450000100060000000300090000600500170001500700030003200800410003510000380007624501390011426000310025330000280028465000310031265000260034370000220036970000250039185200210041699900170043795201200045485755ES-MaACL20250926063056.0t|041201s1924 fr ||||1| fre d1 aJung, Carl G., d1875-196196728210aMétamorphoses et symboles de la libido / cCharles Gustave Jung ; traduit de l'allemand par L. De Vos ; introduction de Ives Le Lay. aParis : Montaigne, [1924?] aXXVI, 487 p. ; c25 cm.07aPsicología2embne916540 4aSubconsciente.9172331 aDe Vos, L.9430831 aLe lay, Ives.970895 aES-MaACLjA-2476 c85755d85755 00104070aATENEOMbATENEOMcSPP1d2008-01-17eSCl0oA-2476p1089606r2023-02-23 00:00:00w2023-02-23yMONOGRAFIA